00410nam a2200145 a 4500008004100000020001500041050001500056100001700071245003700088260004200125300002400167350000900191650004100200650002300241120416s1999 ||||||||||||||||| || u a0750641916 aQE 501 War aWarren, John10aConservation of earth structures aOxford:bButterworth / Heinemanc1999 axxiii, 198p. : ill. a0.00 aBUILDINGS--REPAIR AND RECONSTRUCTION aEARTH CONSTRUCTION